000 00901nam a22002657a 4500
005 20170123162344.0
010 _aA-163293
020 _c35.00
035 _aA-163293
037 _bCen Lib/Ret
040 _aDPL
_bUR
082 _a808.2
_bق ری
100 _aقریشی، محمّد اسلم
_9111303
245 _aڈرامہ نگی کا فن /
_cمحمّد اسلم قریشی
246 _aDram nigari ka fan /
_bby Mohammad Aslam Qureshi
260 _aدہلی
_bشاہین بک سنٹر
_c1983
270 _bدہلی
_aڈی، ١٠٢، ویلکوم سلیم پر ٤،
_e110153
300 _a472p.
_c17cm(Hb)
500 _aکتابیات
650 _aادب -- اردو
_9129768
650 _a اردو ڈرامہ نگاری
_9107857
650 _aLiterature -- urdu
_9129769
650 _aUrdu drama writing
_9129770
942 _2ddc
_cUR
_h808.2
_mق ر ی
999 _c108734
_d108734